Cyanoguanyl azide chemistry (Record no. 45861)

MARC details
000 -LEADER
fixed length control field 00310nam a2200121Ia 4500
100 ## - MAIN ENTRY--AUTHOR NAME
Personal name Norris William P
245 #0 - TITLE STATEMENT
Title Cyanoguanyl azide chemistry
260 ## - PUBLICATION, DISTRIBUTION, ETC. (IMPRINT)
Name of publisher Journal of Organic Chemistry
Year of publication 1964
300 ## - PHYSICAL DESCRIPTION
Number of Pages 650-660
700 ## - ADDED ENTRY--PERSONAL NAME
Personal name Henry Ronald A
942 ## - ADDED ENTRY ELEMENTS (KOHA)
Koha item type Reprints
Holdings
Withdrawn status Lost status Damaged status Not for loan Home library Current library Date acquired Serial Enumeration / chronology Koha item type
      Reprints RRII Library RRII Library 22/12/2021 Volume 29, Issue 650 Reprints